000 00532nam a2200169Ia 4500
008 090201s9999 xx 000 0 und d
010 _aKPL-72053
040 _bमराठी
041 _aमराठी
082 _a52340
_b72053
100 _aआशा कर्दळे
245 _aशरीर यात्रा
_cआशा कर्दळे
260 _c2006
_bपारस पब्लिकेशन्स्
300 _a212
_bमध्यम
600 _aशरीर यात्रा
942 _cBOOK
999 _c248788
_d248788